Antecedentes y estado de avance del proyecto educación del escolar telespectador activo: lo que logramos y lo que deberíamos lograr con la televisión

Wedi'i Gadw mewn:
Manylion Llyfryddiaeth
Prif Awduron: Calderón Muñoz, Patricio (Awdur), Reyes Torres, Miguel (Awdur)
Fformat: Llyfr
Iaith:Sbaeneg
Cyhoeddwyd: Valparaíso UPLACED 1985
Cyfres:Serie de Documentos de Pedagogía de Medios de Comunicación Social, 3
Pynciau:
Tagiau: Ychwanegu Tag
Dim Tagiau, Byddwch y cyntaf i dagio'r cofnod hwn!

MARC

LEADER 00000nam a2200000 a 4500
001 UCZ7507
003 CL-VaPUC
008 960105e19850000CL |||||||||||||||||spa|d
082 0 4 |a 371.335  |b CAL  |2 21 
100 0 |a Calderón Muñoz, Patricio  |e author  |9 352425 
700 0 |a Reyes Torres, Miguel  |e author  |9 352426 
245 1 0 |a Antecedentes y estado de avance del proyecto educación del escolar telespectador activo: lo que logramos y lo que deberíamos lograr con la televisión 
300 |a 19 h 
942 |c BK 
945 |d 19960105 00:00:00  |a cmena 
260 |a Valparaíso  |b UPLACED  |c 1985 
650 0 |a Métodos de enseñanza  |9 270413 
650 0 |a Televisión  |9 256845 
650 0 |a Medios de comunicación  |9 257206 
650 0 |a Planificación de la educación   |9 307333 
650 0 |a Investigación educacional   |9 261192 
650 0 |a Alumnos   |9 335074 
651 7 |a CHILE  |2 CL-VaPUC  |9 352427 
583 |a last modification  |c 19960105 00:00:00  |k Rodrigo Vera 
490 0 |a Serie de Documentos de Pedagogía de Medios de Comunicación Social, 3 
999 |c 243576  |d 243574 
952 |0 0  |1 0  |4 0  |6 371_335000000000000_CAL_1985  |7 0  |8 P  |9 257261  |a BIBEDU  |b BIBEDU  |c BIBEDU_PB  |d 2019-11-19  |i 1612107  |o 371.335 CAL 1985  |p 1612107  |r 2024-01-25  |w 2019-11-19  |y BK  |k EDU 
952 |0 0  |1 0  |4 0  |6 371_335000000000000_CAL_1985  |7 0  |8 P  |9 257262  |a BIBEDU  |b BIBEDU  |c BIBEDU_PB  |d 2019-11-19  |i 161102K  |o 371.335 CAL 1985  |p 161102K  |r 2024-01-25  |w 2019-11-19  |y BK  |k EDU